Review of modern Hevea clones : 3, Clone PR 107 (Record no. 66950)

MARC details
000 -LEADER
fixed length control field 00334nam a2200133Ia 4500
245 #0 - TITLE STATEMENT
Title Review of modern Hevea clones : 3, Clone PR 107
260 ## - PUBLICATION, DISTRIBUTION, ETC. (IMPRINT)
Name of publisher Planters Bulletin
Year of publication 1971
300 ## - PHYSICAL DESCRIPTION
Number of Pages 83-101
650 ## - SUBJECT ADDED ENTRY--TOPICAL TERM
Topical Term Bark renewal
650 ## - SUBJECT ADDED ENTRY--TOPICAL TERM
Topical Term Hevea clones
650 ## - SUBJECT ADDED ENTRY--TOPICAL TERM
Topical Term Yield
942 ## - ADDED ENTRY ELEMENTS (KOHA)
Koha item type Journals
Holdings
Withdrawn status Lost status Damaged status Not for loan Home library Current library Shelving location Date acquired Serial Enumeration / chronology Koha item type
      Journals RRII Library RRII Library Botany 17/12/2021 Volume 113, Issue Journals